Language Quiz

Random Language or Letter Quiz

Drop a B Quiz Stats

 Plays Quiz Updated Jan 1, 2015

Also try: Drop a C
Challenge
Share
Tweet
Embed
Score 0/15 Timer 03:00
5 Plays Today
% Correct
FIBRE
95.1%
BLURB
90.4%
FLOWERBED
89.5%
DEBARS
86.6%
BORATE
84.5%
REVERBED
83.4%
UNCURBED
81.8%
ROBBED
79%
% Correct
BRIBE
78.1%
BARBER
70%
LAMB
65.9%
NUMBERABLE
61.3%
PLUMBING
54.3%
MARBLED
44.6%
WARBLING
30.5%

You're not logged in!

Compare scores with friends on all Sporcle quizzes.
OR
Log In

You Might Also Like...

Show Comments

Extras

Top Quizzes Today


Score Distribution

Your Account Isn't Verified!

In order to create a playlist on Sporcle, you need to verify the email address you used during registration. Go to your Sporcle Settings to finish the process.

Report this User

Report this user for behavior that violates our Community Guidelines.

Details: